000 00485nam a22001577a 4500
003 NUST
020 _a9787508543543
038 _aMuhammad Ibrahim
082 _a951
_bQIN
100 _aQingmin,Zhang
_986510
245 _aInterpretation of China's philosophy on diplomacy in the new Era (解读新时代中国外交理念)
_b Zhang Qingmin
260 _aChina
_bChina Intercontinental press
_c 2020.
300 _a277p
_bPaperback,
_c23cm.
563 _aPaperback
942 _2ddc
_cBK
999 _c589151
_d589151